PRESENZA PASTORALE. IL GIORNO DEL SIGNORE. APRILE 1998. (Record n. 332971)

Dettagli MARC
000 -LEADER
fixed length control field 01499nas a2200277Ia 4500
001 - CONTROL NUMBER
control field R052-S4718
003 - CONTROL NUMBER IDENTIFIER
control field IT-CnALBA
008 - FIXED-LENGTH DATA ELEMENTS--GENERAL INFORMATION
fixed length control field 170116c99999999xx |||||||||||| ||und||
040 ## - CATALOGING SOURCE
Original cataloging agency IT-CnALBA
Transcribing agency IT-CnALBA
041 ## - LANGUAGE CODE
Language code of text/sound track or separate title ITALIANO
999 ## - SYSTEM CONTROL NUMBERS (KOHA)
Koha Dewey Subclass [OBSOLETE] NO
100 ## - MAIN ENTRY--PERSONAL NAME
Personal name SUPERBO AGOSTINO
210 ## - ABBREVIATED TITLE
Abbreviated title PRESENZA PASTORALE
222 ## - KEY TITLE
Key title PRESENZA PASTORALE
245 #0 - TITLE STATEMENT
Title PRESENZA PASTORALE. IL GIORNO DEL SIGNORE. APRILE 1998.
250 ## - EDITION STATEMENT
Edition statement 1a ed.
260 ## - PUBLICATION, DISTRIBUTION, ETC. (IMPRINT)
Place of publication, distribution, etc. ROMA.
Name of publisher, distributor, etc. AZIONE CATT. ITAL. UNIONE. MILANO
Date of publication, distribution, etc. 1998 [1° Ed.:1998 - Ed.Ling.Originale: 1998]
300 ## - PHYSICAL DESCRIPTION
Extent 96 p.
310 ## - CURRENT PUBLICATION FREQUENCY
Current publication frequency MENSILE
362 ## - DATES OF PUBLICATION AND/OR SEQUENTIAL DESIGNATION
Dates of publication and/or sequential designation Fascicolo: 4 / Anno: 68 (1998)
500 ## - GENERAL NOTE
General note EDITORIALE, CELEBRAZIONE DOMENICA. LETTERA APOSTOLICA DIES DOMINI. GIORNO DI FESTA. MAZZA C. L'OPERA DEL CREATORE, RUSSOTTO M. LA RISURREZIONE. LIEGGI P. J. GIORNO DELLA SPERANZA. JACOBONE L. GIORNO DELL'UOMO, RIPOSO E SOLIDARIETÀ. TEMPO NEGATO, TEMPO RINCORSO, TEMPO REDENTO? DE CARLI A. LA COMUNITÀ DI DOMENICA. SIGURANI P.
501 ## - WITH NOTE
With note Società San Paolo EM - Piazza San Paolo, 14 - 12051 ALBA (CN) (non commercial uses only) ® Copyright 2017
520 ## - SUMMARY, ETC.
Summary, etc. EDITORIALE, CELEBRAZIONE DOMENICA. LETTERA APOSTOLICA DIES DOMINI. GIORNO DI FESTA. MAZZA C. L'OPERA DEL CREATORE, RUSSOTTO M. LA RISURREZIONE. LIEGGI P. J. GIORNO DELLA SPERANZA. JACOBONE L. GIORNO DELL'UOMO, RIPOSO E SOLIDARIETÀ. TEMPO NEGATO, TEMPO RINCORSO, TEMPO REDENTO? DE CARLI A. LA COMUNITÀ DI DOMENICA. SIGURANI P.
650 ## - SUBJECT ADDED ENTRY--TOPICAL TERM
Topical term or geographic name as entry element TEOLOGIA PASTORALE
942 ## - ADDED ENTRY ELEMENTS (KOHA)
Koha item type RIVISTA
957 ## -
-- 1
999 ## - SYSTEM CONTROL NUMBERS (KOHA)
-- 1
Dati di copia
Withdrawn status Lost status Damaged status Not for loan Home library Current library Date acquired Total Checkouts Full call number Date last seen Price effective from Koha item type Public note
    Buone Condizioni Not For Loan ALBA - Biblioteca ALBA - Biblioteca 16/01/2017   R052-S4718 16/01/2017 16/01/2017 RIVISTA (data import: 16 gennaio 2017) - By Epidotti, Vaglietti.
CREDITS: SOCIETA' SAN PAOLO Via A.Severo, 58 - ROMA (RM) & PERIODICI SAN PAOLO SRL Via Giotto, 36 MILANO & CISF Via Giotto, 36 MILANO & EDIZIONI SAN PAOLO SRL,  Piazza Soncino, 5 CINISELLO BALSAMO (MI) -- ITALY